000 00317nam a2200145Ia 4500
100 _aArustamov/Kh.A
650 _aChemistry
942 _cBK
654 _aDescriptive Geometry
245 _aProblems in Descriptive Geometry
260 _bMir Publishers
082 _a516.3
300 _a405
546 _aENGLISH
999 _c29046
_d29046